| 000 | 01162cam a2200217 4500 | ||
|---|---|---|---|
| 001 | ABS67289 | ||
| 008 | 031128n 000 0 eng u | ||
| 035 | _a(Sirsi) u124522 | ||
| 100 | _aLoney, L. | ||
| 245 | _aKeeping funding flowing | ||
| 490 |
_aRegeneration and Renewal _v21 November 2003, 22-23(2) |
||
| 520 | _aRecognises the problems of retaining income in deprived areas. Looks at a range of initiatives aimed at generating income for local communities including one-stop-advice shops such as Community Links in East London, the Castle Vale Housing Action Trust's management of a local shopping centre development and its close partnership with Sainsbury's, and the Paddington Regeneration Partnership's creation of the Paddington Business Network aimed at encouraging local businesses to work closely together. Co-operation between businesses, public services and residents is the key for regenerating local communities. | ||
| 590 | _aABS | ||
| 650 | _aINNER CITIES | ||
| 650 | _aDEPRIVED AREAS | ||
| 650 | _aPRIVATE-PUBLIC PARTNERSHIPS | ||
| 650 | _aONE-STOP SHOPS | ||
| 650 | _aCOMMUNITY INITIATIVES | ||
| 690 | _aREGENERATION | ||
| 942 | _n0 | ||
| 999 |
_c73898 _d73898 |
||